000
00298nam a22001457a 4500
003
SGT
082
_a
612.015
_b
B15S
100
_a
SINGH, S.P.
245
_a
TB. OF BIOCHEMISTRY
250
_a
6TH
260
_a
INDIA
_b
CBS
_c
2015
300
_a
1051
650
_a
BIOCHEMISTRY
942
_2
ddc
_c
BK
_0
14
999
_c
10536
_d
10536